| 000 | 00788nam a22002415a 4500 | ||
|---|---|---|---|
| 006 | m||||f ||z 00| 0 | ||
| 008 | 150625s2010 ii a fr 001 0 eng d | ||
| 020 | _a9350040476 | ||
| 020 | _a9789350040478 | ||
| 040 |
_aEG-ScBUE _beng _cEG-ScBUE |
||
| 082 | 0 | 4 |
_a004 _bINT _222 |
| 245 | 0 | 0 |
_aIntroduction to computer and data processing / _cAbhijeet Jaysingrao Pawar ... [et al.] |
| 260 |
_aNew Delhi : _bDreamtech Press, _c2010. |
||
| 300 |
_a275 p. : _bill. ; _c24 cm. + _eCD-ROM (4 3/4 in.) |
||
| 500 | _aIndex : p. 273-275. | ||
| 650 | 0 |
_a Electronic data processing. _2BUEsh |
|
| 650 | 0 |
_aComputer programming. _2BUEsh |
|
| 651 | _2BUEsh | ||
| 653 |
_bCOMSCI _cJuly2015 |
||
| 655 |
_vreading book _934232 |
||
| 700 | 1 |
_aPawar, Abhijeet Jaysingrao. _938256 |
|
| 942 |
_2ddc _k004 INT |
||
| 999 |
_c19949 _d19921 |
||